| 000 | 00429cam a2200181ua 4500 | ||
|---|---|---|---|
| 020 | _c30 | ||
| 082 |
_a624.1517 _bHUS/TE |
||
| 100 | _aHusain, S K. | ||
| 245 |
_aText book on Surveying / _cM S Nagraj. _hTextual Documents |
||
| 250 |
_a1 / _b. |
||
| 260 |
_aAllahabad : _bSaroj Prakashan , _c1983. |
||
| 300 | _a342 ; . | ||
| 365 | _a30 | ||
| 504 | _a | ||
| 700 | 1 | _aNagraj, M S . | |
| 942 | _cBK | ||
| 999 |
_c3113 _d3113 |
||